| 000 | 00758nam a2200241Ia 4500 | ||
|---|---|---|---|
| 001 | 10015 | ||
| 003 | GE_BSU | ||
| 008 | 181216s||||||||xx |||||||||||||| ||und|| | ||
| 020 | _a9992896825 | ||
| 040 | _cGE_BSU | ||
| 080 | _a821.353.1–32 | ||
| 100 | _aრუსიძე,იუზა | ||
| 245 | _aსიყვარულს მოფრთხილება უნდა | ||
| 245 | _bმოთხრობები | ||
| 260 | _aბათუმი | ||
| 260 | _bბათუმის უნ–ტის გამ–ბა | ||
| 260 | _c2004 | ||
| 300 | _a200გვ.20სმ | ||
| 541 | _h6ლ. | ||
| 653 | _aმოთხრობები | ||
| 653 | _aსიყვარულს მოფრთხილება უნდა | ||
| 942 | _cBK | ||
| 999 |
_c43288 _d43288 |
||